Detalles MARC
| 000 -CABECERA |
| campo de control de longitud fija |
01201nam a2200313 a 4500 |
| 001 - NÚMERO DE CONTROL |
| campo de control |
000039156 |
| 003 - IDENTIFICADOR DEL NÚMERO DE CONTROL |
| campo de control |
DO-SdBNP |
| 005 - FECHA Y HORA DE LA ÚLTIMA TRANSACCIÓN |
| campo de control |
20250320095506.0 |
| 008 - DATOS DE LONGITUD FIJA--INFORMACIÓN GENERAL |
| campo de control de longitud fija |
110201s2012 dr a 001 0 spa d |
| 020 ## - NÚMERO INTERNACIONAL ESTÁNDAR DEL LIBRO |
| Número Internacional Estándar del Libro |
9789945165272 |
| 040 ## - FUENTE DE LA CATALOGACIÓN |
| Centro catalogador/agencia de origen |
DO-SdBNP |
| Lengua de catalogación |
spa |
| Centro/agencia transcriptor |
BNPHU |
| 082 ## - NÚMERO DE LA CLASIFICACIÓN DECIMAL DEWEY |
| Número de clasificación |
923.27293 |
| Número de documento/Ítem |
R696n, 2012 |
| 100 1# - ENTRADA PRINCIPAL--NOMBRE DE PERSONA |
| Nombre de persona |
Rodríguez del Prado, Cayetano, |
| Fechas asociadas al nombre |
1941- |
| 9 (RLIN) |
50427 |
| 245 10 - MENCIÓN DE TÍTULO |
| Título |
Notas autobiográficas : |
| Resto del título |
recuerdos de la legión olvidada / |
| Mención de responsabilidad, etc. |
Cayetano Rodríguez del Prado ; prólogo César Mella Mejías. |
| 250 ## - MENCIÓN DE EDICIÓN |
| Mención de edición |
3a ed. |
| 260 ## - PUBLICACIÓN, DISTRIBUCIÓN, ETC. |
| Lugar de publicación, distribución, etc. |
Santo Domingo : |
| Nombre del editor, distribuidor, etc. |
Búho, |
| Fecha de publicación, distribución, etc. |
2012. |
| 300 ## - DESCRIPCIÓN FÍSICA |
| Extensión |
339 p. : |
| Otras características físicas |
il., retrs. ; |
| Dimensiones |
22 cm. |
| 500 ## - NOTA GENERAL |
| Nota general |
Incluye índice onomástico |
| 586 ## - NOTA DE PREMIOS |
| Nota de premios |
Premio Nacional de Historia 2008 |
| 610 14 - PUNTO DE ACCESO ADICIONAL DE MATERIA--NOMBRE DE ENTIDAD CORPORATIVA |
| Nombre de entidad corporativa o nombre de jurisdicción como elemento de entrada |
MOVIMIENTO POPULAR DOMINICANO |
| Subdivisión general |
HISTORIA |
| 9 (RLIN) |
9421 |
| 650 #4 - PUNTO DE ACCESO ADICIONAL DE MATERIA--TÉRMINO DE MATERIA |
| Término de materia o nombre geográfico como elemento de entrada |
Rodríguez del prado, cayetano a., |
| Fechas vigentes |
1941- |
| 9 (RLIN) |
9419 |
| 650 #4 - PUNTO DE ACCESO ADICIONAL DE MATERIA--TÉRMINO DE MATERIA |
| Término de materia o nombre geográfico como elemento de entrada |
República dominicana |
| Subdivisión general |
Historia |
| Subdivisión cronológica |
1961- |
| 9 (RLIN) |
9420 |
| 650 #0 - PUNTO DE ACCESO ADICIONAL DE MATERIA--TÉRMINO DE MATERIA |
| Término de materia o nombre geográfico como elemento de entrada |
Movimientos sociales |
| Subdivisión geográfica |
República Dominicana |
| 9 (RLIN) |
23226 |
| Fuente del encabezamiento o término |
LEMB |
| 651 #4 - PUNTO DE ACCESO ADICIONAL DE MATERIA--NOMBRE GEOGRÁFICO |
| Nombre geográfico |
Cuba |
| Subdivisión general |
Historia |
| 9 (RLIN) |
493 |
| 651 #4 - PUNTO DE ACCESO ADICIONAL DE MATERIA--NOMBRE GEOGRÁFICO |
| Nombre geográfico |
República Dominicana |
| Subdivisión general |
Historia |
| Subdivisión cronológica |
REVOLUCIÓN 1965 |
| 9 (RLIN) |
2167 |
| 700 12 - PUNTO DE ACCESO ADICIONAL--NOMBRE DE PERSONA |
| Nombre de persona |
Mella Mejías, César |
| Fechas asociadas al nombre |
1950- |
| Término indicativo de función/relación |
pról. |
| 9 (RLIN) |
210 |
| 910 ## - DATOS DE OPCIÓN DEL USUARIO (OCLC) |
| Datos de opción del usuario |
Validado. Control de calidad MFF |
| 942 ## - ELEMENTOS DE PUNTO DE ACCESO ADICIONAL (KOHA) |
| Fuente del sistema de clasificación o colocación |
Dewey Decimal Classification |
| Tipo de ítem Koha |
Libro |